000 00357nam a2200157Ia 4500
008 240624s9999 xx 000 0 und d
041 _aeng
082 _a336.24 TAX
100 _aTAXMANN
245 _aINCOME TAX RULES
250 _a(54th ed.)
260 _c2017
_aNew Delhi
_bTaxmann's
300 _ai-36 p.; 1248 p.
365 _cRS
_b30
440 _v1
999 _c29310
_d29310